| 000 | 00000nam##2200000za#4500 |
| 001 | 9.696344 |
| 003 | CaOODSP |
| 005 | 20210624235005 |
| 007 | cr ||||||||||| |
| 008 | 150407|1996||||xxc|||||o f|0| 0 eng|d |
| 040 | |aCaOODSP|beng |
| 043 | |an-cn--- |
| 086 | 1 |aH21-129/1996E-PDF |
| 110 | 1 |aCanada. |bHealth Canada. |
| 245 | 10|aS & T at work for the health of Canadians : |h[electronic resource]|bthe science and technology action plan of the federal health portfolio |
| 260 | |aOttawa - Ontario : |bHealth Canada |cc1996. |
| 300 | |a43p.|bgraphs |
| 500 | |aThe catalogue number (H21-129/1996) and ISBN (0-662-62319-3) for the bilingual print edition have been incorrectly copied in this electronic publication. |
| 590 | |a12-30-Supp|b2012-06-28 |
| 690 | 07|aHealth care system|2gcpds |
| 690 | 07|aMedical technology|2gcpds |
| 775 | 08|tLes S et T au service de la santé des Canadiens et des Canadiennes : |w(CaOODSP)9.640461 |
| 776 | 0#|tS & T at work for the health of Canadians : |w(CaOODSP)9.658391 |
| 776 | 0#|tLes S et T au service de la santé des Canadiens et des Canadiennes : |w(CaOODSP)9.658392 |
| 856 | 40|ahttp://publications.gc.ca|qPDF|s295 KB|uhttps://publications.gc.ca/collections/Collection/H21-129-1996E.pdf |